000 00559nam a2200157Ia 4500
008 210716s2011 xx 000 0 und d
020 _a9781609946975
041 _aeng
082 _a338.04 GRED
100 _aGreenberg, Danna;Mckone-Sweet, Kate;Wilson, H James.
245 _aNew entrepreneurial leaders: developing leaders who shape social and economic opportunity.
_bDeveloping leaders who shape social and economic opportunity.
250 _a1
260 _aNoida
_bCollins Business Essentials
_c2011
300 _axii,271
650 _aEntrepreneurship
999 _c207607
_d207607